The Role of the Family in Responding to the Twin Epidemics of Drug-Abuse and HIV/ AIDS in Churachandpur, Manipur | (Record no. 7974)
[ view plain ]
| 000 -LEADER | |
|---|---|
| fixed length control field | 00605nam a22001697a 4500 |
| 003 - CONTROL NUMBER IDENTIFIER | |
| control field | GBCCL |
| 005 - DATE AND TIME OF LATEST TRANSACTION | |
| control field | 20241126110640.0 |
| 008 - FIXED-LENGTH DATA ELEMENTS--GENERAL INFORMATION | |
| fixed length control field | 181122b ||||| |||| 00| 0 eng d |
| 040 ## - CATALOGING SOURCE | |
| Transcribing agency | GBC |
| 082 ## - DEWEY DECIMAL CLASSIFICATION NUMBER | |
| Classification number | ARCH GBC-2007 |
| Item number | NIA |
| 100 ## - MAIN ENTRY--PERSONAL NAME | |
| Personal name | Niangngaihlun, Abigail |
| 9 (RLIN) | 13916 |
| 245 ## - TITLE STATEMENT | |
| Title | The Role of the Family in Responding to the Twin Epidemics of Drug-Abuse and HIV/ AIDS in Churachandpur, Manipur | |
| Statement of responsibility, etc. | Abigail Niangngaihlun |
| 260 ## - PUBLICATION, DISTRIBUTION, ETC. | |
| Place of publication, distribution, etc. | New Lamka: |
| Name of publisher, distributor, etc. | Grace Bible College, |
| Date of publication, distribution, etc. | 2007 |
| 300 ## - PHYSICAL DESCRIPTION | |
| Extent | vii + 53 p.; |
| Dimensions | 21 x 30 cm. |
| 650 ## - SUBJECT ADDED ENTRY--TOPICAL TERM | |
| Topical term or geographic name entry element | Family |
| Form subdivision | Drug-Abuse |
| -- | HIV/ AIDS |
| Geographic subdivision | Lamka |
| -- | Churachandpur |
| 9 (RLIN) | 13917 |
| 942 ## - ADDED ENTRY ELEMENTS (KOHA) | |
| Source of classification or shelving scheme | Dewey Decimal Classification |
| Koha item type | Thesis |
| Withdrawn status | Lost status | Source of classification or shelving scheme | Damaged status | Not for loan | Home library | Current Library | Shelving location | Date acquired | Total checkouts | Full call number | Barcode | Date last seen | Copy number | Price effective from | Koha item type |
|---|---|---|---|---|---|---|---|---|---|---|---|---|---|---|---|
| Dewey Decimal Classification | GRACE BIBLE COLLEGE | GRACE BIBLE COLLEGE | Archives | 2018-11-22 | ARCH GBC-2007 NIA | 025096 | 2025-05-01 | c.1 | 2018-11-22 | Thesis | |||||
| Dewey Decimal Classification | GRACE BIBLE COLLEGE | GRACE BIBLE COLLEGE | Archives | 2018-11-22 | ARCH GBC-2007 NIA | 025097 | 2025-05-01 | c.2 | 2018-11-22 | Thesis |